00914cam a2200277 a 450000100100000000500170001000800410002702000150006804000300008308200250011310000370013824500490017525000110022426000370023530000210027249000270029365000270032065000310034765000380037883000330041691000280044991000070047704900090048495201280049399900150062100000842020200929161335.0820715s1994 sp 000 f spa d a8432230146 aDO-SdBNPbspacDLCdBNPHU aA863.44bS113s, 19941 aSábato, Ernesto,d1911-92267410aSobre héroes y tumbas /cErnesto Sábato. a6a ed. aBarcelona :bSeix Barral,c1994. a504 p. ;c19 cm.1 aBiblioteca de bolsillo 4aNovela argentina93941 4aLiteratura argentina93860 4aRitos y ceremoniasxNovela922693 0aBiblioteca de bolsillo95816 aCatalogación derivada aWM aBNGR 001054708MOaGRbGRcHDd2009-09-16iLF1l0oA863.44 S113s, 1994p8420-10r2020-06-25w2020-06-25y4ZPréstamo en sala c8191d8191